Kĩ thuật điện Đã được hội đồng môn học Bộ Giáo dục và Đào tạo thông qua dùng làm tài liệu giảng dạy trong các trường đại học kĩ thuật

Đã lưu trong:
Sonraí Bibleagrafaíochta
Príomhúdar: Đặng, Văn Đào
Údair Eile: Lê, Văn Doanh
Formáid: Leabhar
Foilsithe: Hà Nội Giáo dục 2009
Ábhair:
Clibeanna: Cuir Clib Leis
Gan Chlibeanna, Bí ar an gcéad duine leis an taifead seo a chlibeáil!
Thư viện lưu trữ: Trung tâm Học liệu Lê Vũ Hùng, Trường Đại học Đồng Tháp
LEADER 00952pam a22002178a 4500
001 00044478
005 20190801150816.0
008 110528s1999 ||||||Viesd
020 # # |c 24500 
041 0 # |a Vie 
082 1 4 |a 621.3  |b K300TH 
100 0 # |a Đặng, Văn Đào 
245 0 0 |a Kĩ thuật điện  |b Đã được hội đồng môn học Bộ Giáo dục và Đào tạo thông qua dùng làm tài liệu giảng dạy trong các trường đại học kĩ thuật  |c Đặng Văn Đào; Lê Văn Doanh 
260 # # |a Hà Nội  |b Giáo dục  |c 2009 
300 # # |a 188 tr.  |c 27 cm. 
653 # # |a Kỹ thuật 
653 # # |a kỹ thuật điện tử 
700 1 # |a Lê, Văn Doanh 
852 # # |j KD.0026111  |j KM.0032313  |j KM.0032314  |j KM.0032315  |j KM.0032318  |j KM.0032317  |j KM.0032312  |j KM.0032316 
910 0 # |d 1/8/2019 
980 # # |a Trung tâm Học liệu Lê Vũ Hùng, Trường Đại học Đồng Tháp